| 000 | 00344nam a22001457a 4500 | ||
|---|---|---|---|
| 003 | OSt | ||
| 005 | 20160727222342.0 | ||
| 008 | 160620b xxu||||| |||| 00| 0 eng d | ||
| 040 | _cTEST | ||
| 100 |
_9123 _aDuncan, E. R., et al |
||
| 245 | _aMathematics | ||
| 260 |
_aAtlanda _bHoughton miffin comp. _c1978 |
||
| 300 | _aMathematics | ||
| 942 |
_2ddc _cBK |
||
| 999 |
_c98 _d98 |
||